000 00593nam a22001817a 4500
005 20241203154117.0
010 _aENG-142799
020 _a9789355329554
_c1750.00
035 _aEN-126331
037 _bDBAD
082 _a488.0076
_27
245 _aThe Official Guide to the TOEFL iBT Test/
_cby N/A Educational Testing Service
250 _a7
260 _aChennai
_bMcGraw Hill Education Private Ltd
_c2024
270 _aAnjana Complex No. 5/90 A, Butt Road, St Thomas Mount
_bChennai
_e600016
300 _a657p.
_c28cm(pb)
_bIndex
942 _2ddc
_cEN
_mOFF
_h488.0076
_e7
999 _c207371
_d207371